[Event "Uralsk op"]
[Site "Uralsk"]
[Date "2023.07.28"]
[Round "9"]
[White "Aldabergen, Nurali"]
[Black "Iljushin, Yaroslav"]
[Result "0-1"]
[WhiteElo "1572"]
[BlackElo "1527"]
[PlyCount "116"]
[EventDate "2023.07.21"]
[EventType "swiss"]
[EventRounds "9"]
[EventCountry "KAZ"]
[SourceTitle "EXT 2024"]
[Source "ChessBase"]
[SourceDate "2023.10.10"]
[SourceVersion "1"]
[SourceVersionDate "2023.10.10"]
[SourceQuality "1"]

1. d4 d5 2. Nf3 Nf6 3. e3 c5 4. c3 e6 5. Bd3 Nc6 6. Nbd2 Bd6 7. Qe2 Qc7 8. dxc5 Bxc5 9. e4 dxe4 10. Nxe4 Nxe4 11. Qxe4 Bd7 12. a4 Bd6 13. Qe2 0-0-0 14. Be3 h6 15. Nd4 a6 16. h3 f5 17. Nxc6 Bxc6 18. f3 Bg3+ 19. Kf1 Qd6 20. Bc2 Rhf8 21. b4 Qe5 22. Bd4 Qxe2+ 23. Kxe2 Rf7 24. Bb3 Re7 25. Rhd1 Bd6 26. Bb6 Rdd7 27. Kf2 Be5 28. Rxd7 Kxd7 29. Rd1+ Ke8 30. c4 Kf7 31. b5 Be8 32. Re1 Bc3 33. Re3 Bb2 34. Re2 Ba1 35. g4 g6 36. c5 axb5 37. Bd8 bxa4 38. Ba2 Bb5 39. Re1 Bc3 40. Rb1 Bd3 41. Rd1 Rd7 42. Bb6 Bb5 43. Rb1 Rd2+ 44. Ke3 Rxa2 45. Rxb5 fxg4 46. hxg4 Rb2 47. c6 bxc6 48. Rc5 Be1 49. Rxc6 Bf2+ 50. Ke4 Bxb6 51. Rc4 a3 52. Ra4 a2 53. f4 Rd2 54. f5 gxf5+ 55. gxf5 exf5+ 56. Kxf5 Rd5+ 57. Kg4 Rd4+ 58. Kh5 Rxa4 0-1

[Event "Uralsk op"]
[Site "Uralsk"]
[Date "2023.07.22"]
[Round "2"]
[White "Gabdeyev, Danis"]
[Black "Aldabergen, Nurali"]
[Result "0-1"]
[WhiteElo "1129"]
[BlackElo "1572"]
[PlyCount "68"]
[EventDate "2023.07.21"]
[EventType "swiss"]
[EventRounds "9"]
[EventCountry "KAZ"]
[SourceTitle "EXT 2024"]
[Source "ChessBase"]
[SourceDate "2023.10.10"]
[SourceVersion "1"]
[SourceVersionDate "2023.10.10"]
[SourceQuality "1"]

1. d4 Nf6 2. c4 c6 3. Nf3 d5 4. Bf4 dxc4 5. Nc3 b5 6. a3 e6 7. e3 Be7 8. Be2 Nbd7 9. 0-0 Bb7 10. b3 cxb3 11. Qxb3 0-0 12. a4 a6 13. Ne5 Nxe5 14. Bxe5 Qd7 15. Bxf6 Bxf6 16. Ne4 Be7 17. Nc5 Bxc5 18. dxc5 Qe7 19. Rac1 e5 20. e4 Rfd8 21. f3 Rd4 22. axb5 axb5 23. Rfd1 Rad8 24. Rd3 Bc8 25. Rxd4 Rxd4 26. Bxb5 cxb5 27. Qxb5 h6 28. Qb8 Qe8 29. c6 Kh7 30. Rc5 Qe6 31. c7 Rd2 32. Rd5 Rc2 33. Rd1 Qc6 34. Rd8 Qxc7 0-1